Fire Emblem Heroes: Book 8 - Statistics

General Stats
  • This quiz has been taken 19 times
    15 since last reset
  • The average score is 119 of 145
Answer Stats
Hint Origin Answer % Correct
Legendary Hero Engage Alear: Engaging Fire
100%
Loving Sea Engage Alear: Seaside Dragon
100%
Attuned E_____ & Ascended A_____ Sacred Amelia: Blossoming Talent
100%
In Those We Hope 3H Bernadetta: Sheltered Loner
100%
Holiday Lessons 3H Byleth: Frosty Professors
100%
Emblem Hero Valentia Celica: Of Echoes
100%
Holiday Lessons 3H Claude: Yuletide Schemer
100%
Family Ninja Class Engage Diamant: Gallant Ninja
100%
Holiday Lessons 3H Dimitri: Blessed Protector
100%
Holiday Lessons 3H Edelgard: Snowfall Future
100%
Attuned E_____ & Ascended A_____ Sacred Eirika: Resolute Princess
100%
In Those We Hope 3H Felix: Sword Savant
100%
Aided R_____ & Attuned T______ Engage Fogado: Affable Prince
100%
Attuned E_____ & Ascended A_____ Sacred Forde: Unfettered Knight
100%
Loving Sea Engage + 3H Goldmary: Coy Beach Divas
100%
Attuned I__ & Rearmed H________ Engage Hortensia: Little Charmer
100%
Nabata's Shield Binding + Blazing Igrene: Sworn Protectors
100%
Emblem Hero Engage + RD Ike: Of Radiance
100%
Attuned I__ & Rearmed H________ Engage Ivy: Snow Queen
100%
Attuned E_____ & Ascended A_____ Sacred Kyle: Zealous Knight
100%
Brides to Be Engage Lapis: Mighty Bride
100%
Rearmed Þ____ & Rearmed L_____ Binding Lilina: Brilliant Flame
100%
Aided D___ & Rearmed M_______ 3H Marianne: Cursed Blessing
100%
Emblem Hero Archanea + Engage Marth: Of Beginnings
100%
Aided R_____ & Attuned T______ Engage Merrin: Suave Knight
100%
Brides to Be Heroes Sharena: Pillars of Peace
100%
Emblem Hero Genealogy Sigurd: Of the Holy War
100%
Aided R_____ & Attuned T______ Engage Timerra: Desert Warrior
100%
Holiday Lessons Engage Yunaka: Spirited Envoy
100%
Brides to Be Engage Alcryst: Tender Groom
86%
In Those We Hope Heroes Alfonse: Heir to Openness
86%
Nabata's Shield RD Altina: Unrivaled Dawn
86%
Aided D___ & Rearmed M_______ 3H Ashe: Chivalric Amends
86%
Rearmed Þ____ & Rearmed L_____ Binding Bors: Ostia's Bastion
86%
Attuned C____ & Ascended M_____ Archanea Caeda: Marth's Faithful
86%
Aided D___ & Rearmed M_______ 3H Caspar: Hotheaded Inciter
86%
Attuned C____ & Ascended M_____ Archanea Castor: Loving Son
86%
Family Ninja Class Engage Céline: Teatime Ninja
86%
A Place to Rest Engage + Awakening Chloé: Spring Wings
86%
Loving Sea Engage Clanne: Summer Fan
86%
Legendary Hero Fates Corrin: Child of Dawn
86%
Loving Sea 3H Dedue: Loyal Life Guard
86%
Aided D___ & Rearmed M_______ 3H Dorothea: Daring Ex-Singer
86%
Attuned M______ & Rearmed S____ RD Edward: Blade of Justice
86%
Mythic Hero Heroes Eikþyrnir: Quieting Strength
86%
May This Last Sacred Ephraim: Ardent Prince
86%
Icy Invitation Heroes Fjorm: Gleaming Ice Pair
86%
Attuned E_____ & Ascended A_____ Sacred Glen: Sunstone
86%
Flush Summer Heroes Gullveig: Glittering Sunlight
86%
Mythic Hero Heroes Heiðrún: Healing Nectar
86%
Mythic Hero Heroes Hræsvelgr: Quieting Blade
86%
Ring in the Year Heroes Kvasir: Unknown Future
86%
Mythic Hero Heroes Laeraðr: Quieting Heart
86%
Timidity Trials Fates Leo: Festival Bonds
86%
Attuned M______ & Rearmed S____ RD Leonardo: Freedom's Arrow
86%
Mythic Hero Heroes Loki: Trickster God
86%
Timidity Trials PoR Lucia: Loyalty Enrobed
86%
Book VIII Awakening Lucina: Fate's Resolve
86%
Family Ninja Class Awakening Lucina: Shadows of Fate
86%
New Heroes & Rearmed L_____ Engage Lumera: Corrupted Dragon
86%
Mythic Hero Engage Lumera: In Distant Skies
86%
May This Last Sacred Lyon: Esteemed Royals
86%
Aided R_____ & Attuned T______ Engage Marni: Pining for Praise
86%
Attuned C____ & Ascended M_____ Archanea Merric: Wind Pontifex
86%
Timidity Trials PoR Mia: Summer Slice
86%
Attuned M______ & Rearmed S____ RD Micaiah: Dawning Maiden
86%
May This Last Sacred Myrrh: Adored Dragon
86%
Festival Guide Archanea + Binding Nagi: Hopeful Eternity
86%
Brides to Be Engage Nel: Stoic Bride
86%
Timidity Trials PoR + Fates Nephenee: Festival Harmony
86%
Flush Summer Heroes Nerþuz: Beach Chaperone
86%
Ring in the Year Heroes Nerþuz: New-Year Doter
86%
Attuned E_____ & Ascended A_____ Heroes Niðavellir: Founding King
86%
Mythic Hero Heroes Nidhöggr: Quieting Dose
86%
Icy Invitation Blazing Nils: Snowflake Melody
86%
Aided R_____ & Attuned T______ Engage Pandreo: Party Priest
86%
In Those We Hope Engage Panette: Classy Brawler
86%
Mythic Hero Heroes Ratatoskr: Mending Hand
86%
Aided R_____ & Attuned T______ Heroes Reginn: Dvergr Heir
86%
New Heroes & Rearmed R________ Thracia Reinhardt: Thrud Reborn
86%
In Those We Hope Awakening Robin: Exalt's Right Hand
86%
Double Vision Awakening Robin: Fated Vessel
86%
Double Vision Awakening Robin: Vessels of Fate
86%
New Heroes & Rearmed R________ Thracia Safy: Font of Piety
86%
Ring in the Year Heroes Seiðr: Time's Goddesses
86%
May This Last Sacred Selena: Admiring General
86%
Legendary Hero 3H Shez: Dual Sword Master
86%
Attuned M______ & Rearmed S____ RD Sothe: Dawning Zephyr
86%
Rearmed Þ____ & Rearmed L_____ Heroes Þjazi: Ruthless Jötun
86%
New Heroes & Rearmed R________ Thracia Tina: Playful Scamp
86%
New Heroes & Rearmed L_____ Blazing Ursula: Blackened Crow
86%
Attuned C____ & Ascended M_____ Archanea Yuliya: Princess of Grust
86%
Rearmed Þ____ & Rearmed L_____ Binding Zeiss: Ebon Bolt
86%
Attuned C____ & Ascended M_____ Archanea Arlen: Mage of Khadein
71%
New Heroes & Attuned A____ Fates Azura: Song's Reflection
71%
Legendary Hero Fates Camilla: Alluring Darkness
71%
New Heroes & Attuned A____ Fates Candace: Sly Snatcher
71%
Aided D___ & Rearmed M_______ Heroes Dagr: Sunny Bloom
71%
Brides to Be Heroes Embla: Closed-Off Bride
71%
Icy Invitation Fates Felicia: Confidently Cold
71%
Icy Invitation Fates Flora: Polar-Perfect
71%
A Place to Rest Engage Framme: Spring Fangirl
71%
Nabata's Shield Blazing Hawkeye: Taciturn Guardian
71%
New Heroes & Attuned A____ Fates Hayato: Diviner of Reppu
71%
Attuned M______ & Rearmed S____ RD Jarod: Nevassa General
71%
Nabata's Shield Binding Juno: Nimble Grace
71%
Attuned I__ & Rearmed H________ Engage Kagetsu: Onigiri Samurai
71%
Ring in the Year Fates Kana: Rising Dragon
71%
Ring in the Year Fates Kana: Rising Sunlight
71%
New Heroes & Rearmed R________ Thracia Lara: Step Lively
71%
Festival Guide RD Lethe: Cat Attack
71%
A Place to Rest 3H Linhardt: Spring Snoozer
71%
New Heroes & Rearmed L_____ Blazing Lloyd: Vengeful Wolf
71%
Attuned I__ & Rearmed H________ Engage Mauvier: Penitent Knight
71%
Aided D___ & Rearmed M_______ 3H Metodey: Shrewd Braggart
71%
A Place to Rest Heroes Mirabilis: Spring Daydream
71%
New Heroes & Attuned A____ Fates Mozu: Tragic Start
71%
New Heroes & Rearmed L_____ Blazing Nergal: Traitor to Nabata
71%
Family Ninja Class Awakening Noire: Demurely Deft
71%
Rearmed Þ____ & Rearmed L_____ Binding Ogier: Ostia's New Blade
71%
New Heroes & Rearmed R________ Thracia Perne: Dacian Scoundrel
71%
Loving Sea 3H Petra: Faraway Sun
71%
A Place to Rest 3H Sylvain: Spring Flingster
71%
Family Ninja Class Awakening Tharja: Shadow Ninja
71%
Icy Invitation Binding Thea: Wings of Winter
71%
Nabata's Shield RD Tormod: Indomitable Will
71%
Flush Summer Awakening Vaike: Sunbaked Stunner
71%
New Heroes & Rearmed L_____ Engage Veyle: Fell Successor
71%
May This Last Sacred Vigarde: Warmhearted Sire
71%
New Heroes & Attuned A____ Fates Yukimura: Puppet Master
71%
Festival Guide Heroes Askr: Open Harvest
57%
Rearmed Þ____ & Rearmed L_____ Binding Elffin: Truth Beholden
57%
Double Vision Awakening Emmeryn: Selfless Exalt
57%
Double Vision Awakening Frederick: Youth in Service
57%
Flush Summer Heroes Hríd: Island Ice Prince
57%
Book VIII Awakening (Demote) Inigo: Flower Picker
57%
Book VIII Awakening Laurent: The Elucidator
57%
Double Vision Awakening Lissa: Littlest Princess
57%
Festival Guide Awakening Nah: Grateful One
57%
Attuned I__ & Rearmed H________ Engage Rosado: Adorable Artist
57%
Book VIII Awakening Severa: Secret Dreamer
57%
Timidity Trials Fates Takumi: Wishful Spark
57%
Book VIII Awakening Validar: Fell Architect
57%
Festival Guide Awakening Yarne: Trick or Taguel
57%
Flush Summer Awakening Olivia: Wavecrest Dancer
43%
No matching quizzes found
Score Distribution
Percent of People with Each Score
Percentile by Number Answered
Your Score History
You have not taken this quiz since the last reset